| 000 | 00497nam a2200133Ia 4500 | ||
|---|---|---|---|
| 008 | 170221s9999 xx 000 0 und d | ||
| 100 | _aSherman, W. Scott | ||
| 245 | _aBozos, yoyos, bimbos, and heroes: The role of focus and competence in defining change agent styles | ||
| 245 | _cW. Scott Sherman, Texas A&M University-Corpus Christi. | ||
| 260 | _bJournal of Management and Marketing Research | ||
| 260 | _c2015 | ||
| 650 | _xBusiness | ||
| 856 | _uhttp://www.aabri.com/manuscripts/131447.pdf | ||
| 999 |
_c309373 _d309373 |
||